000
00354pab a2200157 454500
008
180718b2009 xxu||||| |||| 00| 0 eng d
100
_a
Seale, Andy
245
_a
Heteronormativity and HIV in Sub-Saharan Africa
260
_c
2009
300
_a
p.84-90.
362
_a
Mar
650
_a
AIDS
773
_a
Development
908
_a
N
909
_a
82747
999
_c
82747
_d
82747